Madrid Metro Stations Map - Statistics

General Stats
  • This quiz has been taken 3,807 times
  • The average score is 85 of 242
Answers on the Map
Answers color-coded by a green-red scale on the quiz's map according to % correct below.
 
Answer Stats
Station % Correct
Sol
91%
Gran Vía
79%
Nuevos Ministerios
79%
Atocha
76%
Plaza de España
76%
Chamartín
75%
Moncloa
75%
Príncipe Pío
75%
Ópera
73%
Callao
72%
Argüelles
70%
Cuatro Caminos
70%
Retiro
69%
Bilbao
66%
Goya
66%
Santiago Bernabeu
66%
Tribunal
66%
Avenida de América
65%
Barajas
63%
Plaza de Castilla
63%
Casa de Campo
62%
Banco de España
61%
Pinar de Chamartín
61%
Aeropuerto T4
60%
Alonso Martínez
60%
Chueca
60%
Ciudad Universitaria
60%
Sevilla
60%
Colón
59%
Aeropuerto T1-T2-T3
58%
Colombia
58%
Pitis
56%
Legazpi
55%
Getafe Central
54%
Gregorio Marañón
54%
Estación del Arte
52%
Lavapies
52%
Diego de León
51%
Iglesia
51%
La Latina
51%
Las Rosas
51%
Pacífico
51%
Puerta del Sur
51%
Tirso de Molina
51%
Ventas
51%
Serrano
50%
Villaverde Alto
50%
Lago
49%
Plaza Elíptica
49%
Puente de Vallecas
49%
Tetuán
49%
Velázquez
49%
Cuzco
48%
Embajadores
48%
Guzmán el Bueno
48%
Hospital Infanta Sofía
48%
Mar de Cristal
48%
San Bernardo
48%
Móstoles Central
47%
República Argentina
47%
Canal
46%
Príncipe de Vergara
46%
Quevedo
46%
Ríos Rosas
46%
Antón Martín
45%
Batán
45%
Leganés Central
45%
O'Donnell
45%
Oporto
45%
Carabanchel
44%
Ibiza
44%
Valdecarros
44%
Estadio Metropolitano
43%
Feria de Madrid
43%
Usera
43%
Alcorcón Central
42%
Islas Filipinas
42%
Méndez Álvaro
42%
Noviciado
42%
Paco de Lucía
42%
Vicente Aleixandre
42%
Villaverde Bajo-Cruce
42%
Manuel Becerra
41%
Santo Domingo
41%
Bambú
40%
Estrecho
40%
Sainz de Baranda
40%
Ventura Rodriguez
40%
Alameda de Osuna
39%
Aluche
39%
Alvarado
39%
Delicias
39%
Núñez de Balboa
39%
Puerta de Toledo
39%
Arganda del Rey
38%
Cuatro Vientos
38%
Fuenlabrada Central
38%
Puerta del Ángel
37%
Arganzuela-Planetario
36%
Begoña
36%
Conde de Casal
36%
Fuencarral
36%
Hospital 12 de Octubre
36%
Pirámides
36%
Tres Olivos
36%
Laguna
35%
Buenos Aires
34%
Opañel
34%
Rubén Darío
34%
Valdeacederas
34%
Canillejas
33%
Ciudad Lineal
33%
La Elipa
33%
Lista
33%
Menéndez Pelayo
33%
Palos de la Frontera
33%
Villa de Vallecas
33%
Alto de Extremadura
31%
Las Tablas
31%
Rivas Vaciamadrid
31%
Acacias
30%
Colonia Jardín
30%
Estrella
30%
La Gavia
30%
Portazgo
30%
Vicálvaro
30%
Alfonso XIII
29%
Barrio del Pilar
29%
Hortaleza
29%
La Moraleja
29%
Lucero
29%
Pinar del Rey
29%
Pio XII
29%
Pueblo Nuevo
29%
Arturo Soria
28%
Aviación Española
28%
Campamento
28%
Coslada Central
28%
Nueva Numancia
28%
Prosperidad
28%
Puerta de Arganda
28%
Alonso Cano
27%
Canillas
27%
El Casar
27%
Hospital del Henares
27%
La Fortuna
27%
San Blas
27%
Concha Espina
26%
La Peseta
26%
Mirasierra
26%
Pan Bendito
26%
Reyes Católicos
26%
Carabanchel Alto
25%
La Almudena
25%
Las Suertes
25%
Marqués de Vadillo
25%
Miguel Hernández
25%
San Fernando
25%
Vinateros
25%
Alsacia
24%
Cartagena
24%
Montecarmelo
24%
Rivas Futura
24%
Rivas Urbanizaciones
24%
San Cristóbal
24%
Suanzes
24%
Carpetana
23%
Cruz del Rayo
23%
El Carmen
23%
Empalme
23%
Henares
23%
San Fermín-Orcasur
23%
Urgel
23%
Almendrales
22%
Ciudad de los Angeles
22%
El Capricho
22%
Pavones
22%
Sierra de Guadalupe
22%
Artilleros
21%
Congosto
21%
Esperanza
21%
Eugenia de Montijo
21%
Herrera Oria
21%
Joaquín Vilumbrales
21%
La Granja
21%
Quintana
21%
Alto del Arenal
20%
Avenida de Guadalajara
20%
Avenida de la Paz
20%
Casa del Reloj
20%
Francos Rodríguez
20%
Hospital de Móstoles
20%
Las Musas
20%
Manoteras
20%
Ronda de la Comunicación
20%
Universidad Rey Juan Carlos
20%
Ventilla
20%
Vista Alegre
20%
Antonio Machado
19%
Duque de Pastrana
19%
Manuela Malasaña
19%
Parque de las Avenidas
19%
Torre Arias
19%
Valdezarza
19%
Ascao
18%
Barrio de la Concepción
18%
Baunatal
18%
Juan de la Cierva
18%
Parque de Lisboa
18%
San Francisco
18%
Valdebernardo
18%
Avenida de la Ilustración
17%
Hospital de Fuenlabrada
17%
Lacoma
17%
Parque Europa
17%
Arroyofresno
16%
El Bercial
16%
La Poveda
16%
Parque de Santa María
16%
Parque Oeste
16%
San Nicasio
16%
Simancas
16%
Abrantes
15%
Jarama
15%
Loranca
15%
Manuel de Falla
15%
Peñagrande
15%
San Lorenzo
15%
Conservatorio
14%
El Carrascal
14%
García Noblejas
14%
Marqués de la Valdavia
14%
San Cipriano
14%
Barrio del Puerto
13%
Hospital Severo Ochoa
13%
Pradillo
13%
La Rambla
12%
Los Espartales
12%
Arroyo Culebro
11%
Julián Besteiro
11%
Parque de los Estados
11%
Alonso de Mendoza
9%
No matching quizzes found
Score Distribution
Percent of People with Each Score
Percentile by Number Answered
Your Score History
You have not taken this quiz